Sledovanie a prezentácia zmien vo vývoji projektu

Enregistré dans:
Détails bibliographiques
Auteur principal: Malých, Martin, 1988- (Auteur)
Autres auteurs: Polášek, Ivan, 1964- (Directeur de thèse)
Format: Manuscrit Livre
Langue:slovaque
Publié: Bratislava : STU v Bratislave FIIT, 2010
Sujets:
Accès en ligne:VAIS
Tags: Ajouter un tag
Pas de tags, Soyez le premier à ajouter un tag!

MARC

LEADER 00000ntm a22000003a 4500
001 stu220639
005 20150617230119.5
008 110128s2010----xo------------------slo-d
040 |a STU  |b slo 
041 0 |a slo 
044 |a xo 
100 1 |a Malých, Martin,  |d 1988-  |4 aut  |u I  |T FIIT Fakulta informatiky a informačných technológií  |X 36712  |U I  |Y 70  |7 A000036712 
242 0 0 |a Detection and presentation of modifications in software evolution  |y eng 
245 1 |a Sledovanie a prezentácia zmien vo vývoji projektu 
260 |a Bratislava :  |b STU v Bratislave FIIT,  |c 2010 
650 7 |a informatika  |2 stusub 
650 7 |a Informatics  |2 estusub 
650 7 |a syntéza reči  |2 stusub 
650 7 |a vizualizácia softvéru  |2 stusub 
700 1 |a Polášek, Ivan,  |d 1964-  |4 ths  |u I200  |U FIIT Fakulta informatiky a informačných technológií  |T FIIT Ústav informatiky a softvérového inžinierstva  |X 1426  |U I200  |Y 179  |7 1426 
856 4 |a info a plný text  |u http://is.stuba.sk/zp/portal_zp.pl?podrobnosti=22784  |3 VAIS 
996 |c I*BAP96/10  |l II680  |s P  |a 0  |w stu220639_0001